000 00562nam a22001811 4500
001 105209
003 ES-MaACL
005 20230906183819.0
007 t|
008 060616s1960 sp ||||0| spa d
016 7 _zIND9200523749
040 _aM-BN
_bspa
_cA2
100 1 _aLópez Morant, Gabino.
_973801
245 1 3 _aLa doctrina de Jesucristo
_b: cuarto curso de bachillerato, plan 1957 /
_cpor Monseñor Gabino López Morant.
260 _aMadrid :
_bGredos,
_c[1960] (
_fCóndor)
300 _a159 p. ;
_c24 cm.
852 _aES-MaACL
_jC-11354
_bR.46391
999 _c105209
_d105209